00279nam a2200121Ia 45000030006000000080041000060400015000471000020000622450037000822600009001195460012001280050017001400STCL150530s9999 xx 000 0 und d aSTCLcSTCL aAbhaydev,C. Ed. aN.B.S Hindi-Malayalam Dictionary c1985 aEnglish20220125170649.0